000 01715ncm a2200421 c 4500
999 _c361286
_d361286
003 BLK
005 20250127155246.0
008 180414b bul |a|er|||| |0| c|bulo|
010 _aNOT00002927000
040 _aBLK
041 _aRUS
_cRUS
080 _aДуо виола и пиано
_b785.72:787.2:786.2
139 _a Педагогический репертуар музыкальных училищ
_bП 32
245 1 0 _aПедагогический репертуар музыньльных училищ
_bДля альта и фортепьяно 5-6-7 классы.
257 _aRUS
260 _bГосударственное музыкальное издательство
_c1957
_9405530
_aМосква
300 _a16 с.
_c29 см
380 _a7
490 _9403669
_aПедагогический репертуар музыкальных училищ
_gДля альта и фортепьяно
505 _tДж.Тартини. Сарабанда.
_tБ. Марчелло. Скерцандо.
_tА.Вивальди.Ларго и Аллегро.
650 7 _aДуо - виола и пиано
_2
_9153858
653 _aпиано
653 _aпиеси
700 _aТартини, Джузепе
_d1692-1770
_gцигулар, композитор
_9362786
700 1 _aМарчело, Бенедето
_993862
700 1 _aВивалди, Антонио
_947870
852 _aЦб М ІІ 390
856 4 _qpdf
_u
856 4 _qpdf
_u
942 _cNOT
_n0
_s1
944 _aCR
_c2020-05-11
_k30560
_lГеновева Генчева
999 _d361195
999 _d361195
999 _d351370
999 _d351370
999 _d351370
999 _d313627